Statistieken voor Afrikaanse Hoofdsteden op een Kaart

Klik hier om de quiz te nemen!

Algemene statistieken

  • Deze quiz is 1.082 keer genomen
  • De gemiddelde score is 31 van 56

Antwoorden op de kaart

Antwoorden kleurgecodeerd door een groen-rode schaal op de quizkaart volgens % correct hieronder.
 

Antwoordstatistieken

Antwoord% Correct
Caïro
93%
Algiers
87%
Rabat
86%
Tunis
85%
Djibouti
77%
Kaapstad
76%
Tripoli
76%
Kinshasa
72%
Nairobi
70%
Windhoek
69%
São Tomé
68%
Addis Abeba
67%
Antananarivo
66%
Brazzaville
65%
Dakar
64%
Bloemfontein
61%
Khartoem
61%
Mogadishu
60%
Bissau
57%
Accra
56%
Luanda
55%
Ouagadougou
55%
Ndjamena
54%
Kampala
53%
Abuja
51%
Asmara
51%
Pretoria
51%
Harare
50%
Kigali
50%
Niamey
50%
Djoeba
49%
Lilongwe
49%
Maputo
49%
Dodoma
48%
Gaborone
48%
Praia
48%
Bangui
47%
Freetown
47%
Yamoussoukro
47%
Yaoundé
47%
Lomé
46%
Nouakchott
46%
Port Louis
46%
Monrovia
45%
Victoria
45%
Gitega
44%
Lusaka
44%
Porto-Novo | Cotonou
44%
Bamako
43%
Banjul
43%
Libreville
43%
Mbabane
43%
Conakry
42%
Maseru
41%
Moroni
38%
Malabo
36%

Scoreverdeling

Percentiel versus Aantal Correcte Antwoorden

Procent van Mensen met Elke Score

Uw Scoregeschiedenis

U heeft deze quiz nog niet genomen